000 00437nam a2200181Ia 4500
001 24258
005 20260414151031.0
008 260414t2006||||xx |||||||||||||| ||spa||
041 _aESP
082 _a345.2
_bC14
100 _aCáceres Julca, Roberto E.
_eAUT
245 0 _aLas medidas de coerción procesal
_b
260 _c2006
300 _a380 páginas :
_ccm.
650 _aDER
654 _aCDE
942 _cLIB
_dJUS
_fJUS
_2ddc
_n
999 _c24258
_d24258